[Event "2BLS 1819 SC Emmendingen - TSV Schönai"]
[Site "?"]
[Date "2019.02.03"]
[Round "6.4"]
[White "Hera, Imre Jr"]
[Black "Lorscheid, Gerhard"]
[Result "1-0"]
[WhiteElo "2601"]
[BlackElo "2198"]
[PlyCount "91"]
[EventDate "2019.??.??"]

1. c4 c6 2. Nf3 Nf6 3. g3 g6 4. b3 Bg7 5. Bb2 O-O 6. Bg2 d5 7. O-O a5 8. Na3
Na6 9. d3 a4 10. Nc2 c5 11. Bc3 Qb6 12. Rb1 axb3 13. axb3 Rd8 14. Qc1 Qc7 15.
Be5 Qb6 16. Nd2 Be6 17. Qb2 Nb4 18. Nxb4 Qxb4 19. Bc3 Qb6 20. Nf3 h6 21. Rfe1
Ra6 22. Qc2 Rda8 23. h3 Ra2 24. Rb2 Ra1 25. Rbb1 R1a2 26. Rb2 Ra1 27. Rxa1
Rxa1+ 28. Kh2 d4 29. Bd2 Qa7 30. b4 b6 31. bxc5 bxc5 32. Ne5 Bc8 33. Qb3 Be6
34. Nc6 Qd7 35. Qb8+ Kh7 36. Rb7 Qc8 37. Qxc8 Bxc8 38. Rxe7 Ra2 39. Bf4 Be6 40.
Bf3 g5 41. Bd6 h5 42. Ra7 Rd2 43. Bxc5 g4 44. hxg4 hxg4 45. Bg2 Rxe2 46. Nxd4
1-0

[Event "2BLS 1819 SC Emmendingen - TSV Schönai"]
[Site "?"]
[Date "2019.02.03"]
[Round "6.6"]
[White "Korpa, Bence"]
[Black "Kuebler, Marcus"]
[Result "1-0"]
[WhiteElo "2498"]
[BlackElo "1988"]
[PlyCount "40"]
[EventDate "2019.??.??"]

1. Nf3 Nf6 2. g3 g6 3. b3 Bg7 4. Bb2 O-O 5. Bg2 a5 6. c4 c6 7. d3 d6 8. O-O Na6
9. d4 Ne4 10. Nbd2 f5 11. Rc1 Bh6 12. d5 Bd7 13. Nxe4 Bxc1 14. Qxc1 fxe4 15.
Qh6 Rf7 16. Ng5 Qf8 17. Nxf7 Qxf7 18. Bxe4 Nc5 19. Bg2 Rf8 20. Qd2 Ra8 1-0

[Event "2BLS 1819 SC Emmendingen - TSV Schönai"]
[Site "?"]
[Date "2019.02.03"]
[Round "6.7"]
[White "Koelle, Tobias"]
[Black "Sokolov, Andrei"]
[Result "0-1"]
[WhiteElo "2193"]
[BlackElo "2487"]
[PlyCount "126"]
[EventDate "2019.??.??"]

1. d4 Nf6 2. c4 e6 3. Nc3 Bb4 4. Nf3 d6 5. Qc2 Nbd7 6. e3 b6 7. a3 Bxc3+ 8.
Qxc3 Bb7 9. Be2 O-O 10. O-O a5 11. b3 c5 12. Bb2 Ne4 13. Qc2 f5 14. Rad1 Qe7
15. Ne1 cxd4 16. exd4 d5 17. f3 Nef6 18. Nd3 Rfc8 19. a4 Ba6 20. Nf2 b5 21.
axb5 Bxb5 22. c5 Bxe2 23. Qxe2 Nb8 24. Rfe1 Nc6 25. Rd3 Rab8 26. Re3 Qb7 27.
Ba1 Qb5 28. Qd2 Qb4 29. Qd1 Nd7 30. Nh3 e5 31. dxe5 d4 32. R3e2 Nxc5 33. Nf2
Nxb3 34. Nd3 Qe7 35. Rb2 a4 36. Ra2 a3 37. Nf4 Nca5 38. Qd3 Qc5 39. Rf2 g6 40.
g4 Qc4 41. Qd1 fxg4 42. fxg4 Nxa1 43. Qxa1 Rb3 44. e6 Re3 45. Ref1 Nc6 46. Ng2
Rxe6 47. Qxa3 Ree8 48. Qd6 Rcd8 49. Qf4 Ne5 50. Qg3 d3 51. Ne3 Qc5 52. Kh1 d2
53. Nd1 Qd5+ 54. Kg1 Qd4 55. Kh1 Qxg4 56. Qb3+ Qc4 57. Qh3 Qe4+ 58. Kg1 Qg4+
59. Qg2 Qxg2+ 60. Rxg2 Nc4 61. Rg3 Re1 62. Rc3 Rf8 63. Nf2 Rxf1+ 0-1

[Event "2BLS 1819 SC Emmendingen - TSV Schönai"]
[Site "?"]
[Date "2019.02.03"]
[Round "6.8"]
[White "Vatter, Hans-Joachim"]
[Black "Brunner, Jan"]
[Result "1/2-1/2"]
[WhiteElo "2243"]
[BlackElo "1946"]
[PlyCount "53"]
[EventDate "2019.??.??"]

1. e4 c5 2. Nf3 Nc6 3. d4 cxd4 4. Nxd4 Nf6 5. Nc3 d6 6. Bg5 e6 7. Qd2 Be7 8.
O-O-O Nxd4 9. Qxd4 O-O 10. f4 Qa5 11. Qd3 Rd8 12. Be2 Bd7 13. Kb1 Rab8 14. Bf3
b5 15. Rhe1 b4 16. Ne2 Rb6 17. Nc1 h6 18. Bh4 Bb5 19. Qd4 Rbb8 20. Bf2 a6 21.
g4 Qc7 22. h4 e5 23. fxe5 dxe5 24. Qa7 Qxa7 25. Bxa7 Rxd1 26. Rxd1 Rb7 27. Bf2
1/2-1/2

[Event "2BLS 1819 SC Emmendingen - SG Speyer-Sc"]
[Site "?"]
[Date "2019.02.23"]
[Round "7.1"]
[White "Oleksiyenko, Mykhaylo"]
[Black "Rausis, Igors"]
[Result "1/2-1/2"]
[WhiteElo "2400"]
[BlackElo "2400"]
[PlyCount "48"]
[EventDate "2019.??.??"]

1. e4 d6 2. d4 Nf6 3. Nc3 g6 4. Nf3 Bg7 5. Be2 O-O 6. O-O e6 7. Re1 a6 8. Bf4
Nc6 9. Qd2 b5 10. a3 Bb7 11. Bg5 Re8 12. Bf1 e5 13. d5 Ne7 14. a4 b4 15. Na2 a5
16. c3 c5 17. dxc6 Bxc6 18. Bxf6 Bxf6 19. cxb4 d5 20. exd5 Nxd5 21. b5 Bb7 22.
Nc3 Nxc3 23. Qxd8 Rexd8 24. bxc3 e4 {normal} 1/2-1/2

[Event "2BLS 1819 SC Emmendingen - SG Speyer-Sc"]
[Site "?"]
[Date "2019.02.23"]
[Round "7.2"]
[White "Baklan, Vladimir"]
[Black "Abasov, Nijat"]
[Result "1-0"]
[WhiteElo "2400"]
[BlackElo "2400"]
[PlyCount "73"]
[EventDate "2019.??.??"]

1. e4 c5 2. Nf3 Nf6 3. Nc3 d5 4. exd5 Nxd5 5. Bb5+ Bd7 6. Qe2 Nb4 7. Bxd7+ Qxd7
8. d3 N8c6 9. a3 Nd5 10. Nxd5 Qxd5 11. c4 Qf5 12. O-O Rd8 13. Rd1 e5 14. b4 f6
15. b5 Nd4 16. Nxd4 cxd4 17. f4 Bd6 18. fxe5 Bxe5 19. Rf1 Qg6 20. Qf3 O-O 21.
Bd2 Rfe8 22. a4 Qf7 23. a5 Re6 24. Rfb1 Qc7 25. g3 g6 26. a6 b6 27. Re1 Rde8
28. Kg2 Kg7 29. Re2 Bd6 30. Rxe6 Rxe6 31. Re1 Re7 32. Rxe7+ Qxe7 33. Qb7 Bc7
34. Kf1 g5 35. Qxa7 Qd7 36. Qb7 Qf5+ 37. Ke2 {normal} 1-0

[Event "2BLS 1819 SC Emmendingen - SG Speyer-Sc"]
[Site "?"]
[Date "2019.02.23"]
[Round "7.3"]
[White "Pavlidis, Antonios"]
[Black "Shevchenko, Kirill"]
[Result "1-0"]
[WhiteElo "2400"]
[BlackElo "2400"]
[PlyCount "135"]
[EventDate "2019.??.??"]

1. e4 c5 2. Nf3 d6 3. d4 cxd4 4. Nxd4 Nf6 5. Nc3 a6 6. Bg5 Nbd7 7. Qe2 Qc7 8.
O-O-O e6 9. f4 b5 10. g3 b4 11. Nd5 exd5 12. Bg2 Be7 13. Rhe1 O-O 14. e5 dxe5
15. fxe5 Nxe5 16. Qxe5 Bd6 17. Qe3 Ne4 18. Bxe4 dxe4 19. Qxe4 Rb8 20. Qc6 Bg4
21. Be7 Qxc6 22. Nxc6 Bxe7 23. Nxe7+ Kh8 24. Rd4 Bf3 25. Re3 Bg2 26. a3 bxa3
27. Rxa3 Rb6 28. Nf5 g6 29. Ne3 Bh1 30. Nc4 Rc6 31. Re3 Rfc8 32. b3 Kg7 33. Rd1
Bg2 34. Rd2 Bh3 35. g4 Rxc4 36. bxc4 Bxg4 37. Rc3 Kf6 38. c5 Ke5 39. c6 Rc7 40.
Kb2 Bf5 41. Rc5+ Ke6 42. Rc4 Ke5 43. Rd8 Bh3 44. Kc3 Bg2 45. Rd7 Rxc6 46. Rxc6
Bxc6 47. Rxf7 h5 48. Ra7 g5 49. Rxa6 Be4 50. Rh6 h4 51. Kd2 Bf5 52. c3 Ke4 53.
Rh5 Kf4 54. Ke1 Be6 55. Kf2 Bd5 56. Rh7 Be6 57. Ra7 Bd5 58. c4 Bc6 59. Rc7 Ba8
60. c5 Ke5 61. Rg7 Kf5 62. Ke3 g4 63. Rh7 Kg5 64. Rc7 h3 65. Kf2 Bf3 66. Rf7
Bd5 67. Rd7 Be6 68. Rd8 {normal} 1-0

[Event "2BLS 1819 SC Emmendingen - SG Speyer-Sc"]
[Site "?"]
[Date "2019.02.23"]
[Round "7.4"]
[White "Korpa, Bence"]
[Black "Neiksans, Arturs"]
[Result "1/2-1/2"]
[WhiteElo "2400"]
[BlackElo "2400"]
[PlyCount "84"]
[EventDate "2019.??.??"]

1. d4 Nf6 2. c4 e6 3. g3 d5 4. Bg2 Bb4+ 5. Nd2 O-O 6. Ngf3 b6 7. O-O Bb7 8. b3
c5 9. Bb2 cxd4 10. Nxd4 Nc6 11. Nxc6 Bxc6 12. a3 Be7 13. cxd5 Bxd5 14. e4 Bb7
15. Qe2 Rc8 16. Nc4 Rc7 17. Rad1 Rd7 18. Rxd7 Qxd7 19. Ne5 Qc8 20. Rc1 Qb8 21.
Nc6 Bxc6 22. Rxc6 Rc8 23. e5 Nd7 24. Rxc8+ Qxc8 25. b4 Qc7 26. Be4 g6 27. Qc2
Qxc2 28. Bxc2 Kf8 29. Ba4 Ke8 30. Bb5 Kd8 31. Kg2 a5 32. Bc3 axb4 33. axb4 Bf8
34. f4 Kc7 35. h4 Be7 36. Kf3 f5 37. Bc4 Nf8 38. Be1 Kc6 39. b5+ Kc7 40. g4
fxg4+ 41. Kxg4 h5+ 42. Kg3 Bc5 {normal} 1/2-1/2

[Event "2BLS 1819 SC Emmendingen - SG Speyer-Sc"]
[Site "?"]
[Date "2019.02.23"]
[Round "7.5"]
[White "Meshkovs, Nikita"]
[Black "Sokolov, Andrei"]
[Result "1-0"]
[WhiteElo "2400"]
[BlackElo "2400"]
[PlyCount "77"]
[EventDate "2019.??.??"]

1. Nf3 Nf6 2. c4 e6 3. g3 d5 4. d4 Bb4+ 5. Bd2 Be7 6. Bg2 O-O 7. O-O Nbd7 8.
Bf4 b6 9. Nc3 Bb7 10. Ne5 c5 11. cxd5 Nxd5 12. Nxd5 exd5 13. Re1 Nxe5 14. Bxe5
Re8 15. dxc5 bxc5 16. e3 Bf8 17. Bc3 Qd7 18. Qh5 Rad8 19. Ba5 Rb8 20. Red1 d4
21. exd4 Bxg2 22. Kxg2 cxd4 23. Bd2 Qe6 24. b3 a6 25. Qf3 Red8 26. Rac1 Rd5 27.
Re1 Qf5 28. Qxf5 Rxf5 29. b4 Rd5 30. Re4 d3 31. Rcc4 f5 32. Rf4 Rdb5 33. a4 Rd5
34. Rfd4 Rbd8 35. Kf3 Kf7 36. Ke3 Ke6 37. Kxd3 Bd6 38. Ke3 Re5+ 39. Kf3 {normal
} 1-0

[Event "2BLS 1819 SC Emmendingen - SG Speyer-Sc"]
[Site "?"]
[Date "2019.02.23"]
[Round "7.6"]
[White "Miezis, Normunds"]
[Black "Kantans, Toms"]
[Result "1/2-1/2"]
[WhiteElo "2400"]
[BlackElo "2400"]
[PlyCount "127"]
[EventDate "2019.??.??"]

1. c4 c5 2. Nc3 Nc6 3. g3 g6 4. Bg2 Bg7 5. e3 Nh6 6. Nge2 Nf5 7. b3 O-O 8. Bb2
d6 9. O-O a6 10. d3 Rb8 11. Qd2 Bd7 12. Nd5 e6 13. Bxg7 Kxg7 14. Ndc3 b5 15.
Ne4 e5 16. f4 f6 17. N2c3 Qa5 18. g4 Nh4 19. g5 fxg5 20. fxg5 Ne7 21. Rf6 Nef5
22. Rf1 Nxg2 23. Kxg2 Bc6 24. Kg1 bxc4 25. bxc4 Qa3 26. Rf2 Rfd8 27. Ng3 Nxe3
28. Rf7+ Kg8 29. Rc7 Rdc8 30. Rxc6 Rxc6 31. Qxe3 Qxc3 32. Qf3 e4 33. Nxe4 Qa1+
34. Kg2 Rc7 35. Nxd6 Qe5 36. Nf7 Qe7 37. Nh6+ Kh8 38. h4 Rd7 39. Re2 Qf8 40.
Qe3 Rbd8 41. Qe5+ Qg7 42. Qe8+ Qf8 43. Qe6 Rg7 44. Re3 Rb8 45. Qe5 Rb1 46. Rf3
Qb8 47. Qxc5 Rb2+ 48. Rf2 Rd7 49. Qe3 Kg7 50. d4 Rxf2+ 51. Qxf2 Qf8 52. Qb2 Qf4
53. d5+ Kf8 54. Qh8+ Ke7 55. Qxh7+ Kd8 56. Qg8+ Kc7 57. Qxg6 Qd2+ 58. Kg3 Qe3+
59. Kg4 Qe2+ 60. Kf4 Qf2+ 61. Kg4 Qe2+ 62. Kf4 Qf2+ 63. Kg4 Qe2+ 64. Kf4 {
normal} 1/2-1/2

[Event "2BLS 1819 SC Emmendingen - SG Speyer-Sc"]
[Site "?"]
[Date "2019.02.23"]
[Round "7.7"]
[White "Shytaj, Luca"]
[Black "Burri, Quentin"]
[Result "1/2-1/2"]
[WhiteElo "2400"]
[BlackElo "2400"]
[PlyCount "82"]
[EventDate "2019.??.??"]

1. e4 c5 2. Nc3 d6 3. Nf3 a6 4. a4 e6 5. d4 cxd4 6. Nxd4 Nf6 7. Be2 Be7 8. O-O
O-O 9. a5 Nc6 10. Nb3 b5 11. axb6 Qxb6 12. Be3 Qc7 13. f4 Bb7 14. Bf3 a5 15.
Rf2 Rfd8 16. Rd2 Nb4 17. Na4 Nd7 18. Nd4 d5 19. e5 Nc5 20. Nb5 Qc6 21. Nxc5
Bxc5 22. Bxc5 Qxc5+ 23. Nd4 Nc6 24. c3 Nxd4 25. Rxd4 Bc6 26. Qd2 Rab8 27. h4
Rd7 28. b4 axb4 29. cxb4 Qe7 30. Rc1 Bb5 31. h5 h6 32. Rc5 Rc7 33. Rxc7 Qxc7
34. Kf2 Bc4 35. Be2 Qb6 36. Bxc4 dxc4 37. Kg3 Qxb4 38. Rd8+ Kh7 39. Qc2+ g6 40.
hxg6+ Kg7 41. Rxb8 Qxb8 {normal} 1/2-1/2

[Event "2BLS 1819 SC Emmendingen - SG Speyer-Sc"]
[Site "?"]
[Date "2019.02.23"]
[Round "7.8"]
[White "Maier, Christian"]
[Black "Vlachos, Anatole"]
[Result "0-1"]
[WhiteElo "2400"]
[BlackElo "2400"]
[PlyCount "58"]
[EventDate "2019.??.??"]

1. e4 c5 2. Nf3 d6 3. d4 cxd4 4. Nxd4 Nf6 5. Nc3 a6 6. f4 e5 7. Nf3 Nbd7 8. Bd3
b5 9. O-O Bb7 10. Qe1 Be7 11. a3 O-O 12. Kh1 Rc8 13. Bd2 exf4 14. Bxf4 Re8 15.
Rd1 Bf8 16. Qh4 h6 17. Qh3 Rc5 18. Nd4 Nxe4 19. Nxe4 Bxe4 20. Bxe4 Rxe4 21.
Bxd6 Bxd6 22. Nf5 Rxf5 23. Qxf5 Nf6 24. Rfe1 Rxe1+ 25. Rxe1 Qc7 26. h3 Qc6 27.
Rd1 Ne4 28. Qf3 Qxc2 29. Re1 f5 {normal} 0-1

[Event "2BLS 1819 OSG Baden-Baden II - FB Mörl"]
[Site "?"]
[Date "2019.02.23"]
[Round "7.1"]
[White "Kunin, Vitaly"]
[Black "Gozzoli, Yannick"]
[Result "1/2-1/2"]
[WhiteElo "2400"]
[BlackElo "2400"]
[PlyCount "30"]
[EventDate "2019.??.??"]

1. Nf3 c5 2. c4 Nc6 3. Nc3 e5 4. e3 Nf6 5. Be2 d5 6. cxd5 Nxd5 7. O-O Be7 8.
Nxd5 Qxd5 9. d3 O-O 10. b3 b6 11. Bb2 Bb7 12. Qc2 Rad8 13. Rfd1 Rfe8 14. Qc4
Qxc4 15. bxc4 Bf8 {normal} 1/2-1/2

[Event "2BLS 1819 OSG Baden-Baden II - FB Mörl"]
[Site "?"]
[Date "2019.02.23"]
[Round "7.2"]
[White "Martin, Julian"]
[Black "Galdunts, Sergey"]
[Result "0-1"]
[WhiteElo "2400"]
[BlackElo "2400"]
[PlyCount "81"]
[EventDate "2019.??.??"]

1. e4 e5 2. Nf3 Nc6 3. Nc3 Nf6 4. Bb5 Bb4 5. O-O O-O 6. d3 Bxc3 7. bxc3 d6 8.
Bg5 Qe7 9. Re1 Nd8 10. d4 Ne6 11. Bc1 c6 12. Bf1 Qc7 13. Nh4 Re8 14. Nf5 g6 15.
Ng3 Bd7 16. Qf3 Qd8 17. Rd1 Qe7 18. h3 Kg7 19. Qe3 c5 20. Qh6+ Kh8 21. Bc4 Ng8
22. Qd2 Rad8 23. Bxe6 Bxe6 24. f4 Bc4 25. Qf2 f6 26. Be3 b6 27. a4 a5 28. Rab1
Qc7 29. Rd2 Kg7 30. Rbd1 h6 31. dxc5 dxc5 32. Rxd8 Rxd8 33. Re1 Qc6 34. f5 g5
35. h4 Qxa4 36. Nh5+ Kf7 37. hxg5 hxg5 38. Qg3 Qxc2 39. Bxg5 Rd1 40. Bd2 Qxd2
41. Qg7+ {normal} 0-1

[Event "2BLS 1819 OSG Baden-Baden II - FB Mörl"]
[Site "?"]
[Date "2019.02.23"]
[Round "7.3"]
[White "Legde, Georg"]
[Black "Riff, Jean-Noel"]
[Result "1/2-1/2"]
[WhiteElo "2400"]
[BlackElo "2400"]
[PlyCount "56"]
[EventDate "2019.??.??"]

1. Nf3 c5 2. c4 Nc6 3. Nc3 Nf6 4. g3 g6 5. Bg2 Bg7 6. d4 cxd4 7. Nxd4 O-O 8.
O-O a6 9. c5 e5 10. Nb3 b5 11. cxb6 Qxb6 12. Be3 Qc7 13. Rc1 Bb7 14. Bc5 Rfe8
15. Bd6 Qd8 16. Nc5 Ra7 17. Qa4 Ba8 18. e3 Qb6 19. Rfd1 Nd4 20. exd4 Qxd6 21.
Bxa8 Raxa8 22. dxe5 Qxe5 23. Nxd7 Nxd7 24. Rxd7 Rab8 25. Qc4 Qf5 26. Rd5 Rec8
27. Qf1 Qf3 28. Rd3 Qf5 {normal} 1/2-1/2

[Event "2BLS 1819 OSG Baden-Baden II - FB Mörl"]
[Site "?"]
[Date "2019.02.23"]
[Round "7.4"]
[White "Bellahcene, Bilel"]
[Black "Boehmer, Christian"]
[Result "1-0"]
[WhiteElo "2400"]
[BlackElo "2400"]
[PlyCount "69"]
[EventDate "2019.??.??"]

1. e4 g6 2. d4 Bg7 3. Nc3 d6 4. f4 Nd7 5. Be3 a6 6. Nf3 b5 7. e5 Bb7 8. Bd3 e6
9. Qe2 Ne7 10. O-O-O Qc8 11. Ne4 Bxe4 12. Bxe4 d5 13. Bd3 c5 14. dxc5 Nxc5 15.
Kb1 Qc7 16. Qf2 Ne4 17. c3 Rb8 18. Rc1 Nc6 19. g4 Na5 20. Bd4 Bf8 21. f5 Nc5
22. Rhd1 Nc4 23. Ka1 a5 24. Ng5 Nxd3 25. Rxd3 Bh6 26. Qh4 Bxg5 27. Qxg5 Qe7 28.
Qf4 gxf5 29. gxf5 Rg8 30. Rg3 Kd7 31. Rcg1 Rxg3 32. Rxg3 b4 33. Rg7 bxc3 34.
fxe6+ Kc6 35. Bxc3 {normal} 1-0

[Event "2BLS 1819 OSG Baden-Baden II - FB Mörl"]
[Site "?"]
[Date "2019.02.23"]
[Round "7.5"]
[White "Felgendreher, Heiko"]
[Black "Schmaltz, Roland"]
[Result "0-1"]
[WhiteElo "2400"]
[BlackElo "2400"]
[PlyCount "70"]
[EventDate "2019.??.??"]

1. e4 c5 2. Nf3 d6 3. d4 cxd4 4. Nxd4 Nf6 5. Nc3 a6 6. Be3 e6 7. f3 h5 8. Qd2
Be7 9. O-O-O b5 10. Bd3 Bd7 11. Kb1 Nc6 12. Nb3 Rb8 13. f4 b4 14. Ne2 a5 15.
Rhf1 Qc7 16. Qe1 a4 17. Nbd4 Qb7 18. Bc1 b3 19. cxb3 Nb4 20. Nc3 axb3 21. axb3
Qa7 22. Bb5 Bxb5 23. Ndxb5 Rxb5 24. Be3 Qa6 25. Bd4 Rb8 26. Rf3 O-O 27. Rg3
Rfc8 28. Rg5 e5 29. fxe5 dxe5 30. Bxe5 Rxc3 31. Bxc3 Qa2+ 32. Kc1 Qxb3 33. Qe2
Na2+ 34. Kd2 Nxc3 35. bxc3 Nxe4+ {normal} 0-1

[Event "2BLS 1819 OSG Baden-Baden II - FB Mörl"]
[Site "?"]
[Date "2019.02.23"]
[Round "7.6"]
[White "Mutschnik, Illya"]
[Black "Schaefer, Michael"]
[Result "1-0"]
[WhiteElo "2400"]
[BlackElo "2400"]
[PlyCount "79"]
[EventDate "2019.??.??"]

1. e4 c5 2. Nf3 g6 3. d4 cxd4 4. Nxd4 Nc6 5. Nc3 Bg7 6. Be3 Nf6 7. Bc4 O-O 8.
Bb3 d5 9. Bxd5 Ng4 10. Bxc6 Nxe3 11. fxe3 bxc6 12. Nxc6 Bxc3+ 13. bxc3 Qc7 14.
Nd4 Qxc3+ 15. Kf2 f5 16. Re1 e5 17. Nf3 Bb7 18. exf5 Rxf5 19. e4 Qc5+ 20. Kg3
Rf7 21. Qd3 Qb6 22. Rad1 Qf6 23. Qe3 Rc8 24. Rd2 Rc4 25. Ng5 Rfc7 26. Red1 Rd4
27. Rxd4 exd4 28. Rxd4 Qe5+ 29. Qf4 Qxd4 30. Qxc7 Qe3+ 31. Kh4 Qf2+ 32. Kh3
Qe3+ 33. g3 Qxg5 34. Qb8+ Kg7 35. Qxb7+ Kh6 36. Qd5 Qf6 37. Kg2 Qb2 38. Qb3 Qd4
39. Qd3 Qa4 40. a3 {normal} 1-0

[Event "2BLS 1819 OSG Baden-Baden II - FB Mörl"]
[Site "?"]
[Date "2019.02.23"]
[Round "7.7"]
[White "Klings, Peter"]
[Black "Kaczmarczyk, Dennis"]
[Result "1/2-1/2"]
[WhiteElo "2400"]
[BlackElo "2400"]
[PlyCount "82"]
[EventDate "2019.??.??"]

1. Nf3 d5 2. e3 Nf6 3. c4 e6 4. b3 Be7 5. Bb2 O-O 6. Nc3 dxc4 7. Bxc4 a6 8. Qc2
b5 9. Be2 Bb7 10. O-O c5 11. a4 b4 12. Nb1 Nbd7 13. d3 Nd5 14. g3 Bf6 15. e4
Bxb2 16. Qxb2 Ne7 17. Nbd2 Nc6 18. Nc4 Qe7 19. Rfe1 a5 20. Rad1 Ba6 21. d4 Bxc4
22. Bxc4 Nxd4 23. Nxd4 cxd4 24. Rxd4 Rfd8 25. Red1 Nc5 26. e5 Rxd4 27. Qxd4 Rc8
28. Qf4 h6 29. Rd4 Qg5 30. Qxg5 hxg5 31. Kf1 Kf8 32. h4 gxh4 33. Rxh4 Ke7 34.
Ke2 Nd7 35. Re4 Rd8 36. Ke3 g5 37. f4 gxf4+ 38. gxf4 Nb6 39. Rd4 Rc8 40. Kd3
Rc6 41. Re4 Rc8 {normal} 1/2-1/2

[Event "2BLS 1819 OSG Baden-Baden II - FB Mörl"]
[Site "?"]
[Date "2019.02.23"]
[Round "7.8"]
[White "Kachiani-Gersinska, Ketino"]
[Black "Wohlfart, Paulus"]
[Result "1-0"]
[WhiteElo "2400"]
[BlackElo "2400"]
[PlyCount "103"]
[EventDate "2019.??.??"]

1. d4 f5 2. g3 Nf6 3. Bg2 g6 4. b4 Bg7 5. Bb2 O-O 6. Nd2 d6 7. Ngf3 c6 8. c4 a5
9. bxa5 Qxa5 10. O-O Na6 11. Qb3 Qb4 12. Qc2 Bd7 13. Bc3 Qb6 14. Rfb1 Qc7 15.
Qb3 Rab8 16. c5+ Nd5 17. cxd6 exd6 18. Ng5 Kh8 19. Bxd5 cxd5 20. Rc1 h6 21.
Ngf3 Be6 22. Rab1 f4 23. Qa3 Qd7 24. Rb6 fxg3 25. hxg3 Rfd8 26. Ba5 Bf8 27.
Rxa6 bxa6 28. Bxd8 Qxd8 29. Qxa6 Ra8 30. Qd3 Bf5 31. Qb3 Qa5 32. a4 Bd7 33. Qd3
Bf5 34. Qb5 Qxb5 35. axb5 Rb8 36. Nh4 Rxb5 37. Nxf5 gxf5 38. e3 Kg7 39. Rc7+
Kf6 40. Nf3 Rb8 41. Nh4 Re8 42. Rh7 Be7 43. Ng2 Rb8 44. Nf4 Rb5 45. Nh5+ Kg5
46. Ng7 Bf6 47. Ne6+ Kg4 48. Kg2 Rb2 49. Nf4 h5 50. Rf7 Bg5 51. Rg7 h4 52. Nh3
{normal} 1-0

[Event "2BLS 1819 SV Griesheim - SC Eppingen"]
[Site "?"]
[Date "2019.02.23"]
[Round "7.1"]
[White "Noe, Christopher"]
[Black "Jarmula, Lukasz"]
[Result "1-0"]
[WhiteElo "2519"]
[BlackElo "2483"]
[PlyCount "95"]
[EventDate "2019.??.??"]

1. Nf3 Nf6 2. g3 g6 3. Bg2 Bg7 4. O-O O-O 5. c4 d6 6. d4 Nc6 7. Nc3 e5 8. d5
Nb8 9. Ne1 a5 10. e4 Na6 11. Nd3 Nb4 12. a3 Nxd3 13. Qxd3 b6 14. Be3 Ng4 15.
Bd2 f5 16. f3 Nf6 17. b4 Qe7 18. Nb5 h5 19. bxa5 Nd7 20. axb6 Nc5 21. b7 Bxb7
22. Qc2 h4 23. Be3 hxg3 24. hxg3 f4 25. Bxc5 dxc5 26. Bh3 fxg3 27. Be6+ Kh7 28.
Kg2 Bh6 29. Rh1 Kg7 30. Rxh6 Kxh6 31. Qc3 Qg5 32. Nxc7 Kg7 33. Bg4 Ra6 34. Rh1
Rb6 35. Ne6+ Rxe6 36. Bxe6 Ba6 37. Bg4 Bxc4 38. d6 Be2 39. d7 c4 40. a4 Rb8 41.
a5 Bd3 42. a6 Kf7 43. a7 Rd8 44. Kxg3 Kg7 45. Qc1 Qf4+ 46. Qxf4 exf4+ 47. Kxf4
c3 48. Ke3 1-0

[Event "2BLS 1819 SV Griesheim - SC Eppingen"]
[Site "?"]
[Date "2019.02.23"]
[Round "7.2"]
[White "Tazbir, Marcin"]
[Black "Mesaros, Florian"]
[Result "1/2-1/2"]
[WhiteElo "2542"]
[BlackElo "2449"]
[PlyCount "79"]
[EventDate "2019.??.??"]

1. e4 e5 2. Nf3 Nc6 3. Bb5 a6 4. Ba4 Nf6 5. O-O Be7 6. Re1 b5 7. Bb3 d6 8. c3
O-O 9. h3 Bb7 10. d4 Re8 11. Nbd2 h6 12. Nf1 Bf8 13. Ng3 Na5 14. Bc2 g6 15. b3
Nc6 16. d5 Nb8 17. c4 c6 18. Be3 Nbd7 19. Qd2 Kh7 20. Rac1 Rc8 21. Bd3 Nc5 22.
Bb1 Qd7 23. Nh2 Rc7 24. f3 Qe7 25. Ne2 Rec8 26. Ng4 Ng8 27. Nf2 h5 28. g4 Bh6
29. gxh5 bxc4 30. bxc4 Qh4 31. hxg6+ fxg6 32. Kg2 Rf8 33. Ng1 Bxe3 34. Qxe3 Nf6
35. Ng4 Nh5 36. Ne2 Kg8 37. Qf2 Qg5 38. Qe3 Qh4 39. Qf2 Qg5 40. Qe3 1/2-1/2

[Event "2BLS 1819 SV Griesheim - SC Eppingen"]
[Site "?"]
[Date "2019.02.23"]
[Round "7.3"]
[White "Medvegy, Zoltan"]
[Black "Walter, Stefan"]
[Result "1-0"]
[WhiteElo "2542"]
[BlackElo "2403"]
[PlyCount "94"]
[EventDate "2019.??.??"]

1. c4 e6 2. Nf3 d5 3. e3 Nf6 4. Nc3 Be7 5. b3 O-O 6. Bb2 b6 7. cxd5 Nxd5 8.
Nxd5 Qxd5 9. Qc2 Ba6 10. Qxc7 Bxf1 11. Qxe7 Nc6 12. Qg5 Qxg5 13. Nxg5 Bd3 14.
f3 Nb4 15. Kf2 Bc2 16. Bc3 Nd3+ 17. Ke2 a5 18. Ne4 a4 19. Nf2 Nxf2 20. Kxf2
axb3 21. axb3 Rxa1 22. Rxa1 Bxb3 23. Rb1 Ba4 24. Rxb6 Rc8 25. Rb4 Bc2 26. g4 h6
27. h4 Rc7 28. Rb8+ Kh7 29. h5 Rd7 30. Kg3 Bd3 31. Rc8 Ba6 32. Rc5 Be2 33. Kf2
Bd1 34. Kg3 Be2 35. Kf2 Bd1 36. Bd4 Kg8 37. Rc8+ Kh7 38. Rc1 Ba4 39. f4 f6 40.
Ra1 Bb3 41. Kg3 Bc4 42. Rc1 Bb3 43. Rc5 Bd1 44. Rc6 Bb3 45. Bc3 Kg8 46. Rc8+
Kf7 47. Rh8 Bd1 1-0

[Event "2BLS 1819 SV Griesheim - SC Eppingen"]
[Site "?"]
[Date "2019.02.23"]
[Round "7.4"]
[White "Baskin, Robert"]
[Black "Guliyev, Namig"]
[Result "1-0"]
[WhiteElo "2386"]
[BlackElo "2535"]
[PlyCount "59"]
[EventDate "2019.??.??"]

1. e4 e5 2. Nf3 Nf6 3. Nxe5 d6 4. Nf3 Nxe4 5. d4 d5 6. Bd3 Nc6 7. O-O Be7 8.
Nbd2 Nxd2 9. Bxd2 Bg4 10. c3 O-O 11. h3 Bh5 12. g3 Bg6 13. Bxg6 fxg6 14. Kg2
Qd7 15. Qc2 Bd6 16. Rae1 Rxf3 17. Kxf3 Qxh3 18. Be3 b5 19. Qd3 b4 20. c4 b3 21.
a3 Re8 22. Ke2 Qe6 23. Rc1 Na5 24. cxd5 Qxd5 25. Rc3 Rf8 26. Rg1 g5 27. Kd2 g4
28. Kc1 Rb8 29. Kb1 Nc6 30. Bf4 1-0

[Event "2BLS 1819 SV Griesheim - SC Eppingen"]
[Site "?"]
[Date "2019.02.23"]
[Round "7.5"]
[White "Bilchinski, Anton"]
[Black "Grabarczyk, Bogdan"]
[Result "0-1"]
[WhiteElo "2277"]
[BlackElo "2374"]
[PlyCount "80"]
[EventDate "2019.??.??"]

1. d4 d5 2. c4 dxc4 3. e3 Nf6 4. Nf3 a6 5. Bxc4 b5 6. Bb3 Bb7 7. O-O Nbd7 8.
Qe2 c5 9. a4 Qb8 10. axb5 axb5 11. Rxa8 Bxa8 12. Bc2 e6 13. e4 cxd4 14. Nxd4 b4
15. Nd2 Bc5 16. N2b3 Bb6 17. Re1 O-O 18. e5 Qb7 19. f4 Nc5 20. Kh1 Nfe4 21.
Nxc5 Nxc5 22. Nf3 Rd8 23. Be3 b3 24. Bb1 Qd5 25. Qf2 Ba5 26. Rf1 Nd3 27. Qh4 h6
28. h3 Qe4 29. Bxd3 Qxd3 30. Qf2 Rc8 31. Ra1 Qd5 32. Rc1 Rxc1+ 33. Bxc1 Qd1+
34. Qg1 Bxf3 35. gxf3 Qxf3+ 36. Kh2 Kh7 37. Qg2 Qd3 38. Qf2 Qd1 39. Be3 Be1 40.
Qg2 Qd3 0-1

[Event "2BLS 1819 SV Griesheim - SC Eppingen"]
[Site "?"]
[Date "2019.02.23"]
[Round "7.7"]
[White "Mann, Christian"]
[Black "De Visser, Leon"]
[Result "1-0"]
[WhiteElo "2401"]
[BlackElo "2234"]
[PlyCount "89"]
[EventDate "2019.??.??"]

1. c4 c6 2. g3 d5 3. Bg2 Nf6 4. Nf3 Bg4 5. O-O e6 6. b3 Be7 7. Bb2 Nbd7 8. d3
O-O 9. Nbd2 a5 10. a3 b5 11. Qc2 Qb6 12. Rab1 Rac8 13. h3 Bh5 14. g4 Bg6 15.
Nh4 Rfd8 16. Nxg6 hxg6 17. Nf3 Qa6 18. Rfd1 a4 19. b4 c5 20. bxc5 Rxc5 21. Bd4
Rc6 22. cxb5 Qxb5 23. Qa2 Qa6 24. e4 Rdc8 25. Ne1 dxe4 26. dxe4 e5 27. Ba1 Qa7
28. Nd3 Nh7 29. Bxe5 Nxe5 30. Nxe5 Rf6 31. Nd3 Rd6 32. Ne5 Rf6 33. Rd7 Qc5 34.
Nd3 Qxa3 35. Qxa3 Bxa3 36. e5 Ra6 37. Bd5 Ng5 38. f4 Ne6 39. f5 gxf5 40. gxf5
Nd8 41. e6 Kf8 42. exf7 Be7 43. Re1 Nxf7 44. Rexe7 Nd6 45. Rxg7 1-0

[Event "2BLS 1819 SV Griesheim - SC Eppingen"]
[Site "?"]
[Date "2019.02.23"]
[Round "7.8"]
[White "Nothnagel, Holger"]
[Black "Gibicar, Danijel"]
[Result "1/2-1/2"]
[WhiteElo "2306"]
[BlackElo "2272"]
[PlyCount "51"]
[EventDate "2019.??.??"]

1. b3 d5 2. Bb2 c5 3. e3 a6 4. Nf3 Nc6 5. d4 cxd4 6. Nxd4 Nf6 7. Be2 Qa5+ 8.
Qd2 Qxd2+ 9. Nxd2 Nxd4 10. Bxd4 e6 11. O-O Be7 12. c4 O-O 13. Rfd1 Bd7 14. Bf3
Bc6 15. Rac1 Rac8 16. cxd5 exd5 17. Rc2 Ne4 18. Bxe4 dxe4 19. Nc4 Bd5 20. Rdc1
Be6 21. Nb6 Rxc2 22. Rxc2 Bd8 23. Nc4 Be7 24. Nb6 Bd8 25. Nc4 Be7 26. Nb6 {(=)}
1/2-1/2